An introduction to the Planning Domain Definition Language

সংরক্ষণ করুন:
গ্রন্থ-পঞ্জীর বিবরন
প্রধান লেখক: Haslum, Patrik
বিন্যাস: গ্রন্থ
প্রকাশিত: Morgan & Claypool
ট্যাগগুলো: ট্যাগ যুক্ত করুন
কোনো ট্যাগ নেই, প্রথমজন হিসাবে ট্যাগ করুন!

MARC

LEADER 00000nam a2200000Ia 4500
005 20260515061617.0
100 |a Haslum, Patrik, 
020 |a 9783031004568 
942 |c BK 
245 |a An introduction to the Planning Domain Definition Language  
260 |b Morgan & Claypool 
999 |c 59  |d 59 
952 |0 0  |1 0  |4 0  |7 0  |a ABDN  |b ABDN  |d 2026-05-15  |l 0  |p 000027  |r 2026-05-15 06:16:17  |w 2026-05-15  |y BK